[Event "II Festival Server24 A"]
[Site "Ortisei - Sankt Ulrich in Groeden ITA"]
[Date "2013.06.03"]
[Round "3"]
[White "Panjkovic, Aleksandar"]
[Black "Fierro Baquero, Martha Lorena"]
[WhiteElo "2147"]
[BlackElo "2364"]
[Result "0-1"]
[PlyCount "98"]
[EventDate "2013.06.01"]

1. c4 g6 2. g3 Bg7 3. Bg2 e5 4. Nc3 f5 5. e4 Nf6 6. exf5 gxf5 7. Nd5 O-O 8.
Nxf6+ Qxf6 9. Ne2 f4 10. f3 Nc6 11. d3 d6 12. O-O Qg6 13. Qb3 a5 14. c5+ Kh8
15. cxd6 Qxd6 16. gxf4 exf4 17. Qa4 Nb4 18. Bd2 Bd7 19. Bxb4 Qb6+ 20. Bc5 Qxc5+
21. d4 Qd6 22. Qc4 Rae8 23. Rad1 b5 24. Qd3 Re3 25. Qd2 b4 26. Nc1 Rfe8 27. Rf2
Bf5 28. Kh1 Qh6 29. Nb3 Qe6 30. Nc5 Qxa2 31. b3 Qxd2 32. Rfxd2 Re1+ 33. Bf1 Bh3
34. Kg1 Bf6 35. Ne4 Rg8+ 36. Kh1 Bg2+ 37. Rxg2 Rxd1 38. Rxg8+ Kxg8 39. Kg2 Bxd4
40. Bc4+ Kg7 41. h4 h5 42. Ng5 Kf6 43. Ne6 Ke5 44. Nxc7 a4 45. Na6 a3 46. Nxb4
Bc3 47. Bd3 Bxb4 48. Bc2 Rc1 49. Kh2 a2 0-1

[Event "II Festival Server24 A"]
[Site "Ortisei - Sankt Ulrich in Groeden ITA"]
[Date "2013.06.03"]
[Round "3"]
[White "Roesch, Mario"]
[Black "Schaefer, Michael"]
[WhiteElo "2045"]
[BlackElo "2176"]
[Result "0-1"]
[PlyCount "92"]
[EventDate "2013.06.01"]

1. e4 c5 2. Nf3 Nc6 3. Bb5 g6 4. Bxc6 bxc6 5. O-O Bg7 6. e5 f6 7. Re1 fxe5 8.
Nxe5 Nh6 9. c3 O-O 10. d4 cxd4 11. cxd4 Qb6 12. Bxh6 Bxh6 13. Nc4 Qb4 14. b3
Bg7 15. a3 Qb8 16. Ra2 e6 17. Rd2 Rf5 18. Ne3 Rf7 19. Nc4 Qc7 20. Nc3 a5 21.
Qc2 Rb8 22. Na4 d6 23. Ne3 e5 24. dxe5 Bxe5 25. Nc4 Bf5 26. Qd1 Bf4 27. Rd4 d5
28. Nxa5 Bxh2+ 29. Kh1 Be4 30. Nxc6 Qxc6 31. Kxh2 Rxf2 32. Rd2 Rxd2 33. Qxd2
Rxb3 34. Qa5 Qd6+ 35. Kg1 Qg3 36. Qd8+ Kg7 37. Qe7+ Kh6 38. Qf8+ Kh5 39. Qf2
Qxf2+ 40. Kxf2 Rxa3 41. Nc5 Ra2+ 42. Ke3 Kg4 43. Nxe4 dxe4 44. g3 Kxg3 45. Rh1
h5 46. Rg1+ Rg2 0-1

[Event "II Festival Server24 A"]
[Site "Ortisei - Sankt Ulrich in Groeden ITA"]
[Date "2013.06.03"]
[Round "3"]
[White "Saravanan, Venkatachalam"]
[Black "Bianco, Valerio"]
[WhiteElo "2371"]
[BlackElo "2145"]
[Result "1-0"]
[PlyCount "59"]
[EventDate "2013.06.01"]

1. d4 d5 2. c4 c6 3. Nf3 Nf6 4. e3 e6 5. b3 b6 6. Bd3 Bb7 7. O-O Nbd7 8. Nbd2
Bd6 9. Bb2 O-O 10. Ne5 c5 11. f4 Rc8 12. cxd5 Nxd5 13. Ndc4 Be7 14. Nxd7 Qxd7
15. f5 Bg5 16. Qh5 h6 17. fxe6 fxe6 18. Qg6 Nf6 19. h4 Bxh4 20. Ne5 Qd5 21.
Rxf6 Rxf6 22. Qh7+ Kf8 23. e4 Bf2+ 24. Kh1 Qd8 25. Qh8+ Ke7 26. Qxg7+ Kd6 27.
Nc4+ Kc6 28. d5+ exd5 29. Bxf6 Qe8 30. Qxb7+ 1-0

[Event "II Festival Server24 A"]
[Site "Ortisei - Sankt Ulrich in Groeden ITA"]
[Date "2013.06.03"]
[Round "3"]
[White "Solomon, Kenny"]
[Black "Khenkin, Igor"]
[WhiteElo "2414"]
[BlackElo "2601"]
[Result "0-1"]
[PlyCount "56"]
[EventDate "2013.06.01"]

1. d4 d5 2. Nf3 c6 3. c4 dxc4 4. e3 b5 5. a4 e6 6. Nc3 b4 7. Nb1 Ba6 8. Be2 Nf6
9. O-O c5 10. Nbd2 c3 11. bxc3 bxc3 12. Nb1 Qa5 13. Ba3 Be7 14. Bxa6 Nxa6 15.
Ne5 Rc8 16. Qf3 c2 17. Nd2 Qxd2 18. Qb7 O-O 19. Qxa6 cxd4 20. Bxe7 c1=Q 21.
Raxc1 Rxc1 22. Bxf8 Rxf1+ 23. Qxf1 dxe3 24. Bb4 exf2+ 25. Qxf2 Qxb4 26. Nf3
Qxa4 27. Qb2 Qd1+ 28. Kf2 Qd8 0-1

[Event "II Festival Server24 A"]
[Site "Ortisei - Sankt Ulrich in Groeden ITA"]
[Date "2013.06.03"]
[Round "3"]
[White "Szczepkowska-Horowska, Karina"]
[Black "Karl, Hans"]
[WhiteElo "2375"]
[BlackElo "2148"]
[Result "1-0"]
[PlyCount "69"]
[EventDate "2013.06.01"]

1. e4 e5 2. Nf3 Nc6 3. Bb5 a6 4. Ba4 Nf6 5. d3 Bc5 6. c3 Qe7 7. O-O b5 8. Bc2
d6 9. a4 Rb8 10. h3 h6 11. Re1 O-O 12. d4 Bb6 13. Na3 b4 14. Nc4 Ba7 15. Ne3
bxc3 16. bxc3 exd4 17. cxd4 Nb4 18. e5 dxe5 19. dxe5 Bxe3 20. exf6 Bxf2+ 21.
Kxf2 Qc5+ 22. Qd4 Qxc2+ 23. Kg1 Qg6 24. fxg7 Qxg7 25. Qh4 Rb6 26. Ba3 c5 27.
Rab1 Rg6 28. Bb2 Rxg2+ 29. Kh1 Qg6 30. Rg1 Bb7 31. Rxg2 Bxf3 32. Rbg1 Kh7 33.
Qf4 Qc6 34. Qf5+ Qg6 35. Qxf3 1-0

[Event "II Festival Server24 A"]
[Site "Ortisei - Sankt Ulrich in Groeden ITA"]
[Date "2013.06.03"]
[Round "3"]
[White "Volkov, Sergey"]
[Black "Stella, Andrea"]
[WhiteElo "2613"]
[BlackElo "2463"]
[Result "1-0"]
[PlyCount "89"]
[EventDate "2013.06.01"]

1. c4 g6 2. Nc3 c5 3. g3 Bg7 4. Bg2 Nc6 5. Nf3 d6 6. d3 Bf5 7. h3 Nf6 8. a3 a6
9. Bd2 O-O 10. Rb1 Rb8 11. b4 cxb4 12. axb4 b5 13. e4 Be6 14. cxb5 axb5 15. O-O
h6 16. Ne2 d5 17. Nfd4 Bd7 18. Nxc6 Bxc6 19. e5 Nd7 20. e6 fxe6 21. Qc1 Rc8 22.
Bxh6 e5 23. Qg5 Kh7 24. Bxg7 Kxg7 25. d4 e6 26. Qe3 Qf6 27. Rbc1 Bb7 28. dxe5
Qxe5 29. Nf4 Qxe3 30. fxe3 Rfe8 31. Rxc8 Bxc8 32. Rc1 Ne5 33. Rc7+ Kf6 34. Bf1
Nc4 35. h4 Rd8 36. g4 Bd7 37. g5+ Ke5 38. Nxg6+ Kd6 39. Ra7 Nxe3 40. Ra6+ Kc7
41. Ne5 Nxf1 42. Ra7+ Kb6 43. Rxd7 Rxd7 44. Nxd7+ Kc6 45. g6 1-0

[Event "II Festival Server24 A"]
[Site "Ortisei - Sankt Ulrich in Groeden ITA"]
[Date "2013.06.03"]
[Round "3"]
[White "Warakomski, Tomasz"]
[Black "Spornberger, Maximilian"]
[WhiteElo "2488"]
[BlackElo "2257"]
[Result "1-0"]
[PlyCount "163"]
[EventDate "2013.06.01"]

1. e4 e6 2. d4 d5 3. Nd2 Nf6 4. e5 Nfd7 5. c3 c5 6. Bd3 Nc6 7. Ne2 cxd4 8. cxd4
f6 9. exf6 Nxf6 10. Nf3 Bd6 11. O-O O-O 12. Bg5 Qc7 13. Bh4 Nh5 14. Qc2 h6 15.
Bh7+ Kh8 16. Bg6 Rxf3 17. Bxh5 Bxh2+ 18. Kh1 Rf5 19. Bg6 Bd6 20. Bxf5 exf5 21.
Rae1 Qf7 22. Bg3 Bb4 23. Rd1 Ba5 24. Qd3 Bb6 25. Qf3 g5 26. Be5+ Kh7 27. Nc3
Be6 28. Rfe1 a6 29. Na4 Nxe5 30. dxe5 Ba7 31. b4 Rd8 32. Nc5 Bxc5 33. bxc5 f4
34. Rd4 Rc8 35. g3 Rxc5 36. gxf4 Bf5 37. e6 Bxe6 38. Qe2 Rc6 39. fxg5 hxg5 40.
Kg2 Kg7 41. Rh1 Qf6 42. Qh5 Kf8 43. Rb4 d4 44. Qh8+ Qxh8 45. Rxh8+ Kg7 46. Rd8
Bxa2 47. Rxb7+ Kg6 48. Rxd4 Kf5 49. Rbb4 Be6 50. Ra4 Kf6 51. Ra3 g4 52. Rda4
Bc8 53. Ra5 Rc1 54. Rb3 Ke7 55. Rd5 Rc7 56. Kg3 Rc4 57. Re3+ Kf7 58. Rdd3 a5
59. Rc3 Rxc3 60. Rxc3 Bd7 61. Kf4 Ke6 62. Kxg4 Kd5+ 63. Kf3 Kd4 64. Rc7 Bb5 65.
Kg4 a4 66. f4 Bc4 67. Ra7 Bb3 68. f5 Kc3 69. f6 Be6+ 70. Kf4 Kb3 71. Ke5 Bc4
72. Kd4 Be6 73. Re7 Bg8 74. Rb7+ Kc2 75. Rc7+ Kb2 76. Rb7+ Kc2 77. Ra7 Kb3 78.
Kd3 a3 79. Rb7+ Ka4 80. Kc3 Bd5 81. Ra7+ Kb5 82. f7 1-0

[Event "II Festival Server24 A"]
[Site "Ortisei - Sankt Ulrich in Groeden ITA"]
[Date "2013.06.04"]
[Round "4"]
[White "Boscolo, Federico"]
[Black "Collutiis, Duilio"]
[WhiteElo "2314"]
[BlackElo "2465"]
[Result "0-1"]
[PlyCount "128"]
[EventDate "2013.06.01"]

1. e4 c5 2. Nf3 e6 3. c3 Nf6 4. e5 Nd5 5. d4 cxd4 6. cxd4 b6 7. Bd3 Bb7 8. O-O
Nb4 9. Be2 Be7 10. Nc3 O-O 11. Nd2 d6 12. a3 Nd5 13. Nxd5 Bxd5 14. Bf3 dxe5 15.
dxe5 Nc6 16. Bxd5 Qxd5 17. Nf3 Rfd8 18. Qxd5 Rxd5 19. Bf4 Bc5 20. Rac1 Nd4 21.
Rfe1 Nxf3+ 22. gxf3 a5 23. Kg2 h6 24. Re4 Bd4 25. Rc2 b5 26. b3 Kh7 27. Bg3
Rad8 28. Rc7 R8d7 29. Rc8 Bb2 30. Ra8 Bxa3 31. Rxa5 Be7 32. b4 Rc7 33. Ra8 Rdd7
34. Rb8 Rb7 35. Ra8 Rd3 36. Bf4 Rb3 37. Bd2 Rb2 38. Be1 Rc2 39. Re8 Rc4 40.
Rxc4 bxc4 41. Rc8 Bxb4 42. Bxb4 Rxb4 43. Kg3 Kg6 44. Rc7 f6 45. exf6 Kxf6 46.
f4 Rb3+ 47. f3 Rc3 48. h4 Rc1 49. h5 c3 50. Kh2 c2 51. Kg2 g6 52. hxg6 Kxg6 53.
Kh2 h5 54. Kg2 h4 55. Kh2 h3 56. Rc5 Kg7 57. Rc7+ Kf6 58. Rc5 Ke7 59. Rc7+ Kd6
60. Rc8 Kd5 61. Rc7 Kd4 62. Rc6 Kd3 63. Rd6+ Kc4 64. Rc6+ Kd4 0-1

[Event "II Festival Server24 A"]
[Site "Ortisei - Sankt Ulrich in Groeden ITA"]
[Date "2013.06.04"]
[Round "4"]
[White "Burmakin, Vladimir"]
[Black "Sundararajan, Kidambi"]
[WhiteElo "2575"]
[BlackElo "2428"]
[Result "1-0"]
[PlyCount "65"]
[EventDate "2013.06.01"]

1. Nf3 Nf6 2. c4 c6 3. Nc3 d5 4. e3 e6 5. b3 Bd6 6. Bb2 O-O 7. d4 Nbd7 8. Be2
e5 9. dxe5 Nxe5 10. cxd5 cxd5 11. O-O Nc6 12. Nb5 Be7 13. Rc1 Ne4 14. Ne5 Bf6
15. Nxc6 bxc6 16. Bxf6 Qxf6 17. Nd4 Bd7 18. Bd3 Rfe8 19. Bxe4 Rxe4 20. Rc5 h5
21. h3 Qg6 22. Qf3 Rh4 23. Kh1 Re8 24. Rfc1 Kh7 25. Kh2 Re5 26. Qg3 Qxg3+ 27.
Kxg3 Rhe4 28. Ra5 h4+ 29. Kh2 Re7 30. Rxa7 Be8 31. Ra5 Rc7 32. Nf3 f6 33. Rxd5
1-0

[Event "II Festival Server24 A"]
[Site "Ortisei - Sankt Ulrich in Groeden ITA"]
[Date "2013.06.04"]
[Round "4"]
[White "Burrows, Martin P."]
[Black "Friedrich, Norbert"]
[WhiteElo "2137"]
[BlackElo "2312"]
[Result "0-1"]
[PlyCount "66"]
[EventDate "2013.06.01"]

1. e4 c5 2. Nf3 e6 3. d4 cxd4 4. Nxd4 Nc6 5. Nb5 d6 6. c4 Nf6 7. N1c3 a6 8. Na3
b6 9. Be2 Bb7 10. O-O Be7 11. Be3 O-O 12. Qb3 Nd7 13. Rfd1 Nc5 14. Qc2 Bf6 15.
f3 Be5 16. Bf1 Qh4 17. g3 Qf6 18. Qf2 Bxc3 19. bxc3 Qxc3 20. Nc2 Ne5 21. Ne1 f5
22. Bd4 Qa5 23. Qb2 fxe4 24. f4 Nf3+ 25. Nxf3 exf3 26. Bh3 e5 27. fxe5 dxe5 28.
Bxe5 f2+ 29. Kf1 Rae8 30. Bc3 Qa4 31. Rd4 Qc6 32. Rd5 Qh6 33. Bg2 Qxh2 0-1

[Event "II Festival Server24 A"]
[Site "Ortisei - Sankt Ulrich in Groeden ITA"]
[Date "2013.06.04"]
[Round "4"]
[White "Cocchi, Andrea"]
[Black "Oussedik, Elias"]
[WhiteElo "2304"]
[BlackElo "2058"]
[Result "1-0"]
[PlyCount "79"]
[EventDate "2013.06.01"]

1. e4 e6 2. d4 d5 3. Nd2 Nf6 4. Bd3 c5 5. e5 Nfd7 6. c3 Nc6 7. Ngf3 g6 8. h4 h6
9. b3 Bg7 10. Bb2 a5 11. a3 b6 12. Qe2 O-O 13. O-O-O Ndb8 14. dxc5 bxc5 15. c4
a4 16. h5 g5 17. cxd5 exd5 18. bxa4 Qe7 19. Nf1 Rd8 20. Ne3 Na5 21. Nf5 Bxf5
22. Bxf5 Nbc6 23. e6 Bxb2+ 24. Qxb2 f6 25. Bc2 d4 26. Qb5 c4 27. Be4 Nb3+ 28.
Kb2 Rab8 29. Qf5 Nd2+ 30. Ka2 Nxe4 31. Qxe4 Rb3 32. Qg6+ Qg7 33. e7 Nxe7 34.
Qxg7+ Kxg7 35. Nxd4 Rxd4 36. Rxd4 Rc3 37. Re1 Nc6 38. Rd7+ Kf8 39. Rb1 Ke8 40.
Rc7 1-0

[Event "II Festival Server24 A"]
[Site "Ortisei - Sankt Ulrich in Groeden ITA"]
[Date "2013.06.04"]
[Round "4"]
[White "Herzog, Adolf"]
[Black "Curien, Nicolas"]
[WhiteElo "2401"]
[BlackElo "2204"]
[Result "0-1"]
[PlyCount "86"]
[EventDate "2013.06.01"]

1. e4 e6 2. d4 d5 3. Nc3 Bb4 4. exd5 exd5 5. Bd3 Nc6 6. Nge2 Nge7 7. O-O Bf5 8.
Bxf5 Nxf5 9. Qd3 Qd7 10. Qb5 Bxc3 11. bxc3 O-O 12. Nf4 Rad8 13. Ba3 a6 14. Qd3
Rfe8 15. Rae1 Na5 16. Bc1 Nc4 17. Qf3 c6 18. Nd3 Nfd6 19. Nc5 Qc8 20. Bg5 Rxe1
21. Rxe1 Re8 22. Rd1 b6 23. Nb3 Qf5 24. Qxf5 Nxf5 25. Kf1 Nfd6 26. Bd2 a5 27.
Be1 Ne4 28. Rd3 Na3 29. Re3 Nxc2 30. Re2 Nxe1 31. Rxe1 a4 32. f3 axb3 33. fxe4
bxa2 34. Ra1 Ra8 35. e5 Kf8 36. Ke2 Ke7 37. Kd3 f6 38. exf6+ Kxf6 39. Kc2 Ke6
40. Kb2 Kd6 41. Kb3 c5 42. g4 g6 43. h3 Kc6 0-1

[Event "II Festival Server24 A"]
[Site "Ortisei - Sankt Ulrich in Groeden ITA"]
[Date "2013.06.04"]
[Round "4"]
[White "Karl, Hans"]
[Black "Roesch, Mario"]
[WhiteElo "2148"]
[BlackElo "2045"]
[Result "0-1"]
[PlyCount "62"]
[EventDate "2013.06.01"]

1. e4 e6 2. Qe2 d5 3. e5 c5 4. d3 Nc6 5. c3 Qc7 6. f4 h5 7. g3 g6 8. Nf3 Nh6 9.
Be3 b6 10. Nbd2 Be7 11. Bg2 a5 12. h3 Kf8 13. g4 hxg4 14. hxg4 Kg7 15. f5 exf5
16. Bxh6+ Rxh6 17. Rxh6 Kxh6 18. Qe3+ Kg7 19. O-O-O Be6 20. gxf5 Bxf5 21. Rh1
Rh8 22. Rxh8 Kxh8 23. d4 Kg7 24. Nb3 a4 25. Nbd2 a3 26. b3 Nb4 27. dxc5 Nxa2+
28. Kd1 Bxc5 29. Nd4 Bxd4 30. cxd4 Nc3+ 31. Ke1 a2 0-1

[Event "II Festival Server24 A"]
[Site "Ortisei - Sankt Ulrich in Groeden ITA"]
[Date "2013.06.04"]
[Round "4"]
[White "Khenkin, Igor"]
[Black "Volkov, Sergey"]
[WhiteElo "2601"]
[BlackElo "2613"]
[Result "1/2-1/2"]
[PlyCount "27"]
[EventDate "2013.06.01"]

1. d4 d5 2. c4 c6 3. cxd5 cxd5 4. Bf4 Nc6 5. e3 Nf6 6. Nc3 a6 7. Bd3 Bg4 8.
Nge2 e6 9. O-O Bd6 10. f3 Bh5 11. Rc1 Bg6 12. Na4 Bxd3 13. Qxd3 Bxf4 14. Nxf4
1/2-1/2

[Event "II Festival Server24 A"]
[Site "Ortisei - Sankt Ulrich in Groeden ITA"]
[Date "2013.06.04"]
[Round "4"]
[White "Kveinys, Aloyzas"]
[Black "Fierro Baquero, Martha Lorena"]
[WhiteElo "2479"]
[BlackElo "2364"]
[Result "1-0"]
[PlyCount "81"]
[EventDate "2013.06.01"]

1. d4 g6 2. c4 Bg7 3. Nf3 Nf6 4. g3 O-O 5. Bg2 d6 6. O-O Nbd7 7. Nc3 e5 8. e4
a6 9. h3 b5 10. dxe5 dxe5 11. Qc2 c6 12. Be3 Qe7 13. a3 Bb7 14. Nd2 Rfc8 15.
Rfc1 Bf8 16. Nb3 a5 17. a4 b4 18. Nd1 c5 19. Bg5 h6 20. Bd2 Nb8 21. Ne3 Nc6 22.
Nd5 Nxd5 23. exd5 Nd4 24. Nxd4 exd4 25. Re1 Qf6 26. Qe4 Rc7 27. h4 Re7 28. Qf4
Qxf4 29. Bxf4 Rae8 30. Kf1 Bc8 31. Rxe7 Rxe7 32. Re1 Bf5 33. Rxe7 Bxe7 34. Bc7
Bd3+ 35. Ke1 Bxc4 36. d6 Bf6 37. d7 Bb3 38. d8=Q+ Bxd8 39. Bxd8 Bxa4 40. Bxa5
Bb5 41. Bb6 1-0

[Event "II Festival Server24 A"]
[Site "Ortisei - Sankt Ulrich in Groeden ITA"]
[Date "2013.06.04"]
[Round "4"]
[White "Levin, Felix"]
[Black "Codenotti, Marco"]
[WhiteElo "2497"]
[BlackElo "2390"]
[Result "1/2-1/2"]
[PlyCount "113"]
[EventDate "2013.06.01"]

1. Nf3 g6 2. e4 c5 3. d4 cxd4 4. Nxd4 Nc6 5. c4 Nf6 6. Nc3 d6 7. Nc2 Bg7 8. Be2
Nd7 9. Bd2 O-O 10. O-O Nc5 11. b4 Bxc3 12. Bxc3 Nxe4 13. Bb2 e5 14. Qe1 Be6 15.
f3 Qb6+ 16. Kh1 Nc5 17. Rb1 Na4 18. Ba1 Bf5 19. Qd2 a5 20. a3 axb4 21. axb4
Bxc2 22. Qxc2 Nd4 23. Qd2 Nxe2 24. Qxe2 Qc7 25. f4 f6 26. c5 dxc5 27. fxe5 cxb4
28. Rxb4 fxe5 29. Qa2+ Kh8 30. Re1 Nc3 31. Qb3 Ne2 32. Rxb7 Qa5 33. Qb1 Nc3 34.
Qb2 Qa6 35. Rg1 Rfe8 36. Rb6 Qa5 37. Rb7 Qa6 38. h3 Ne2 39. Re1 Nd4 40. Rd7 Qa5
41. Qf2 Nf5 42. Kh2 Qb5 43. Qd2 Kg8 44. Rd5 Qb3 45. Rdxe5 Rxe5 46. Bxe5 Re8 47.
Qf4 Qd5 48. Re2 Qb5 49. Re1 Qd5 50. Bc3 Rxe1 51. Bxe1 Qd6 52. Qxd6 Nxd6 53. Kg3
h5 54. Kf4 Kf7 55. Bb4 Nf5 56. Bc5 Ng7 57. Bg1 1/2-1/2

[Event "II Festival Server24 A"]
[Site "Ortisei - Sankt Ulrich in Groeden ITA"]
[Date "2013.06.04"]
[Round "4"]
[White "Nisipeanu, Liviu-Dieter"]
[Black "Warakomski, Tomasz"]
[WhiteElo "2667"]
[BlackElo "2488"]
[Result "1-0"]
[PlyCount "51"]
[EventDate "2013.06.01"]

1. d4 Nf6 2. c4 e6 3. Nc3 Bb4 4. e3 b6 5. Nge2 c5 6. a3 cxd4 7. exd4 Be7 8. d5
exd5 9. cxd5 Bd6 10. Nb5 Qe7 11. g3 Ne4 12. Bg2 Ba6 13. Nxd6+ Nxd6 14. Be3 O-O
15. O-O Re8 16. Re1 Bb7 17. Nc3 Na6 18. Bf4 Qf6 19. Rxe8+ Rxe8 20. Rc1 Nc4 21.
Ne4 Rxe4 22. Bxe4 Nxb2 23. Qh5 g6 24. Be5 Qe7 25. d6 Qe8 26. Qg5 1-0

[Event "II Festival Server24 A"]
[Site "Ortisei - Sankt Ulrich in Groeden ITA"]
[Date "2013.06.04"]
[Round "4"]
[White "Schaefer, Michael"]
[Black "Popilski, Gil"]
[WhiteElo "2176"]
[BlackElo "2515"]
[Result "0-1"]
[PlyCount "132"]
[EventDate "2013.06.01"]

1. d4 e6 2. e4 d5 3. e5 c5 4. c3 Nc6 5. Nf3 Bd7 6. Be2 Rc8 7. O-O Qb6 8. b3
Nge7 9. Na3 cxd4 10. cxd4 Nf5 11. Nc2 Nb4 12. Nxb4 Bxb4 13. Bb2 Bb5 14. a3 Be7
15. Re1 O-O 16. Bd3 Rc6 17. Re2 Rfc8 18. g4 Nh4 19. Nxh4 Bxh4 20. f4 Bd8 21.
Qd2 Qa6 22. Rd1 Rc2 23. Bxc2 Bxe2 24. Rc1 Rc6 25. Bd1 Rxc1 26. Bxc1 Bxd1 27.
Qxd1 Qc6 28. Bb2 Bb6 29. Kf2 f6 30. Qd3 fxe5 31. fxe5 Qc7 32. Kg2 Qf7 33. Bc1
a6 34. Bd2 Bd8 35. Qc2 Qd7 36. Qd3 Bb6 37. Bb4 Qf7 38. Bd2 h6 39. h3 Kf8 40.
Bc1 Ke8 41. Bd2 Kd7 42. a4 Kc8 43. Be3 h5 44. Qf1 Qg6 45. Qf8+ Bd8 46. Qc5+ Kd7
47. Qd6+ Ke8 48. Kg3 Be7 49. Qb8+ Kf7 50. Qxb7 Qd3 51. Kf2 Qc2+ 52. Kf3 hxg4+
53. hxg4 Qe4+ 54. Kf2 Qxg4 55. Qc7 Qf5+ 56. Ke2 g5 57. Qc1 Kg6 58. Qd1 Qg4+ 59.
Kd2 Bb4+ 60. Kc1 Qxd1+ 61. Kxd1 g4 62. Bd2 g3 63. Be1 g2 64. Bf2 Kf5 65. Ke2
Ke4 66. Be3 Bc3 0-1

[Event "II Festival Server24 A"]
[Site "Ortisei - Sankt Ulrich in Groeden ITA"]
[Date "2013.06.04"]
[Round "4"]
[White "Szczepkowska-Horowska, Karina"]
[Black "Paltrinieri, Nicholas"]
[WhiteElo "2375"]
[BlackElo "2174"]
[Result "1-0"]
[PlyCount "81"]
[EventDate "2013.06.01"]

1. e4 e6 2. d4 d5 3. Nd2 Nf6 4. e5 Nfd7 5. Bd3 c5 6. c3 Nc6 7. Ne2 cxd4 8. cxd4
f6 9. exf6 Nxf6 10. O-O Bd6 11. Nf3 Qc7 12. Bg5 O-O 13. Rc1 h6 14. Bh4 Nh5 15.
Nc3 a6 16. Bb1 g5 17. Bg3 Nxg3 18. hxg3 Qg7 19. Ne2 Bd7 20. Rc3 Rf7 21. a3 Raf8
22. b4 Bb8 23. Re3 Ba7 24. Qd3 g4 25. Nh4 Nxd4 26. Nf4 Bb5 27. Qd1 Bxf1 28.
Qxf1 e5 29. Nxd5 Rxf2 30. Qc4 Qf7 31. Bg6 Qe6 32. Kh2 Qd6 33. Nf6+ Kh8 34. Nxg4
b5 35. Qc1 R2f4 36. Rxe5 Nb3 37. Qxf4 Rxf4 38. gxf4 Qb6 39. Re8+ Kg7 40. Re7+
Kg8 41. Nxh6+ 1-0

[Event "II Festival Server24 A"]
[Site "Ortisei - Sankt Ulrich in Groeden ITA"]
[Date "2013.06.04"]
[Round "4"]
[White "Vargas, Gabriela"]
[Black "De Santis, Alessio"]
[WhiteElo "2099"]
[BlackElo "2276"]
[Result "0-1"]
[PlyCount "92"]
[EventDate "2013.06.01"]

1. d4 Nf6 2. c4 e6 3. Nf3 b6 4. g3 Bb7 5. Bg2 Be7 6. O-O O-O 7. Nc3 Ne4 8. Nxe4
Bxe4 9. Ne1 Bxg2 10. Nxg2 d5 11. cxd5 Qxd5 12. Bf4 Na6 13. a3 Rfd8 14. Qd3 Qb7
15. Rad1 c5 16. Qc3 Bf6 17. Be5 Bxe5 18. dxe5 Nc7 19. Nf4 Nb5 20. Rxd8+ Rxd8
21. Qe3 Nd4 22. Nh5 h6 23. Nf4 Nf5 24. Qc3 Qe4 25. f3 Qe3+ 26. Qxe3 Nxe3 27.
Rb1 c4 28. Kf2 Rd1 29. Rxd1 Nxd1+ 30. Ke1 Nxb2 31. Kd2 Na4 32. Ng2 Kf8 33. Ne3
b5 34. Nc2 a5 35. Ke3 Ke8 36. Kd4 Kd7 37. f4 Kc6 38. g4 Nc5 39. e4 Nb3+ 40. Kc3
Kc5 41. h4 Nd4 42. f5 g5 43. hxg5 hxg5 44. fxe6 fxe6 45. Ne1 b4+ 46. Kd2 c3+
0-1

[Event "II Festival Server24 A"]
[Site "Ortisei - Sankt Ulrich in Groeden ITA"]
[Date "2013.06.04"]
[Round "4"]
[White "Vezzosi, Paolo"]
[Black "Hambleton, Aman"]
[WhiteElo "2274"]
[BlackElo "2461"]
[Result "1/2-1/2"]
[PlyCount "87"]
[EventDate "2013.06.01"]

1. d4 e6 2. Nf3 Nf6 3. c4 b6 4. g3 Ba6 5. b3 Bb7 6. Bg2 Bb4+ 7. Bd2 c5 8. O-O
O-O 9. Bxb4 cxb4 10. a3 Na6 11. axb4 Nxb4 12. Na3 d5 13. Ne5 Qe7 14. e3 Rfc8
15. Qe2 Ne4 16. Rfc1 f6 17. Nd3 Nxd3 18. Qxd3 dxc4 19. bxc4 Ng5 20. e4 e5 21.
d5 Rc5 22. Nb5 Nf7 23. Bh3 a6 24. Nc3 Bc8 25. Bxc8 Rcxc8 26. Na4 Rab8 27. c5
bxc5 28. Qxa6 Ra8 29. Qd3 Qa7 30. Kg2 c4 31. Rxc4 Rxc4 32. Qxc4 Nd6 33. Qc6 Rd8
34. Re1 Qa5 35. Re3 Qb4 36. Nc5 Qc4 37. Qc7 Nf7 38. Rb3 h5 39. Rb7 Rf8 40. h4
f5 41. Ne6 Qxe4+ 42. Kh2 Qe2 43. Qb6 f4 44. Nxf8 1/2-1/2

[Event "II Festival Server24 A"]
[Site "Ortisei - Sankt Ulrich in Groeden ITA"]
[Date "2013.06.05"]
[Round "5"]
[White "Bertagnolli, Alexander"]
[Black "Kveinys, Aloyzas"]
[WhiteElo "2329"]
[BlackElo "2479"]
[Result "1/2-1/2"]
[PlyCount "121"]
[EventDate "2013.06.01"]

1. e4 c5 2. Nf3 e6 3. g3 Nc6 4. Bg2 Nf6 5. Qe2 d6 6. O-O g6 7. c3 e5 8. d4 cxd4
9. cxd4 Bg4 10. d5 Nd4 11. Qd3 Bxf3 12. Bxf3 Bg7 13. Bg5 Qb6 14. Bxf6 Bxf6 15.
Na3 O-O 16. Bg4 h5 17. Bh3 Qxb2 18. Nc4 Qe2 19. Qxe2 Nxe2+ 20. Kg2 Be7 21. f4
Nd4 22. fxe5 dxe5 23. d6 Bxd6 24. Nxd6 Nc2 25. Rac1 Ne3+ 26. Kg1 Nxf1 27. Bxf1
Rad8 28. Nxb7 Rd7 29. Nc5 Rc7 30. Nd3 Rxc1 31. Nxc1 Rc8 32. Nd3 Rc4 33. Nxe5
Rxe4 34. Nc4 h4 35. Kf2 hxg3+ 36. hxg3 Kg7 37. Bd3 Rd4 38. Ke3 Rg4 39. Kf3 Rd4
40. Be2 f5 41. a4 Kf6 42. a5 g5 43. a6 g4+ 44. Kf2 Rd5 45. Ne3 Ra5 46. Ng2 Ra3
47. Nf4 Ke5 48. Bd3 Ra1 49. Ke3 Rg1 50. Kf2 Rd1 51. Be2 Ra1 52. Ke3 Kf6 53. Bd3
Re1+ 54. Kf2 Re5 55. Be2 Kg5 56. Ng2 Re4 57. Bd3 Re8 58. Nf4 Re5 59. Be2 Re4
60. Nd3 Re6 61. Nf4 1/2-1/2

[Event "II Festival Server24 A"]
[Site "Ortisei - Sankt Ulrich in Groeden ITA"]
[Date "2013.06.05"]
[Round "5"]
[White "Bianco, Valerio"]
[Black "Koziol, Kamil"]
[WhiteElo "2145"]
[BlackElo "2008"]
[Result "1/2-1/2"]
[PlyCount "55"]
[EventDate "2013.06.01"]

1. d4 d5 2. c4 e6 3. Nc3 c5 4. cxd5 exd5 5. Nf3 Nc6 6. g3 Nf6 7. Bg2 c4 8. O-O
Bb4 9. Ne5 O-O 10. Qa4 a5 11. Rd1 h6 12. a3 Be7 13. b3 cxb3 14. Qxb3 Be6 15.
Qxb7 Na7 16. Bd2 Qd6 17. Nb5 Nxb5 18. Qxb5 Rfb8 19. Qa4 Rb2 20. Bb4 Qc7 21.
Rac1 Qb7 22. Bxe7 Qxe7 23. Rc5 Rxe2 24. Nc6 Qe8 25. Bf1 Rb2 26. Re1 Ne4 27.
Rxe4 dxe4 28. d5 1/2-1/2

[Event "II Festival Server24 A"]
[Site "Ortisei - Sankt Ulrich in Groeden ITA"]
[Date "2013.06.05"]
[Round "5"]
[White "Collutiis, Duilio"]
[Black "Szczepkowska-Horowska, Karina"]
[WhiteElo "2465"]
[BlackElo "2375"]
[Result "1/2-1/2"]
[PlyCount "93"]
[EventDate "2013.06.01"]

1. g3 Nf6 2. Bg2 d5 3. Nf3 g6 4. O-O Bg7 5. d3 O-O 6. Nbd2 c5 7. e4 dxe4 8.
dxe4 Nc6 9. c3 e5 10. Qc2 Qc7 11. Re1 h6 12. Bf1 a6 13. a4 b6 14. Nc4 Be6 15.
Nfd2 Ne7 16. Na3 Nd7 17. f3 Kh7 18. Bc4 Bh3 19. Bf1 Be6 20. Kg2 Nf6 21. Bc4 Bc8
22. Nf1 Nh5 23. Ne3 f5 24. Nd5 Nxd5 25. Bxd5 Rb8 26. c4 Nf6 27. Nb1 fxe4 28.
Bxe4 Nxe4 29. fxe4 Bg4 30. Nc3 Rf7 31. h3 Be6 32. Nd5 Qd7 33. Rh1 b5 34. axb5
axb5 35. b3 bxc4 36. bxc4 Qc8 37. Be3 Rfb7 38. Ra2 Rb3 39. Bf2 h5 40. Qd2 Qf8
41. Qe2 Qc8 42. Qd2 Qf8 43. Qe2 R8b7 44. Rd1 Qc8 45. Rh1 Qf8 46. Rd1 Qc8 47.
Rh1 1/2-1/2

[Event "II Festival Server24 A"]
[Site "Ortisei - Sankt Ulrich in Groeden ITA"]
[Date "2013.06.05"]
[Round "5"]
[White "Fierro Baquero, Martha Lorena"]
[Black "Gutierrez, Leonela"]
[WhiteElo "2364"]
[BlackElo "2090"]
[Result "1-0"]
[PlyCount "77"]
[EventDate "2013.06.01"]

1. c4 Nf6 2. g3 g6 3. Bg2 Bg7 4. Nc3 O-O 5. d3 d6 6. Nf3 Nc6 7. O-O e5 8. Rb1
a5 9. a3 Re8 10. Bg5 h6 11. Bxf6 Bxf6 12. b4 axb4 13. axb4 Bg7 14. b5 Ne7 15.
Qb3 c6 16. Nd2 Be6 17. Qb4 d5 18. Na4 dxc4 19. Nc5 cxd3 20. Nxe6 fxe6 21. exd3
Qxd3 22. Ne4 Nd5 23. Qb2 Re7 24. bxc6 bxc6 25. Rfd1 Qc4 26. Rdc1 Qd4 27. Qe2
Rc8 28. Rc4 Qa7 29. Rbc1 Qb6 30. Qg4 Kh7 31. h4 h5 32. Ng5+ Kg8 33. Qe4 Rf8 34.
R1c2 Qb1+ 35. Bf1 Rf6 36. Rxc6 Re8 37. Rc8 Rxc8 38. Rxc8+ Bf8 39. Qxb1 1-0